<?xml version="1.0" encoding="UTF-8"?><?xml-stylesheet type="text/xsl" href="static/style.xsl"?><OAI-PMH xmlns="http://www.openarchives.org/OAI/2.0/" xmlns:xsi="http://www.w3.org/2001/XMLSchema-instance" xsi:schemaLocation="http://www.openarchives.org/OAI/2.0/ http://www.openarchives.org/OAI/2.0/OAI-PMH.xsd"><responseDate>2026-04-17T06:51:19Z</responseDate><request verb="GetRecord" identifier="oai:www.recercat.cat:10230/1314" metadataPrefix="marc">https://recercat.cat/oai/request</request><GetRecord><record><header><identifier>oai:recercat.cat:10230/1314</identifier><datestamp>2025-12-22T02:17:42Z</datestamp><setSpec>com_2072_6</setSpec><setSpec>col_2072_452953</setSpec></header><metadata><record xmlns="http://www.loc.gov/MARC21/slim" xmlns:dcterms="http://purl.org/dc/terms/" xmlns:xsi="http://www.w3.org/2001/XMLSchema-instance" xmlns:doc="http://www.lyncode.com/xoai" xsi:schemaLocation="http://www.loc.gov/MARC21/slim http://www.loc.gov/standards/marcxml/schema/MARC21slim.xsd">
   <leader>00925njm 22002777a 4500</leader>
   <datafield ind2=" " ind1=" " tag="042">
      <subfield code="a">dc</subfield>
   </datafield>
   <datafield ind2=" " ind1=" " tag="720">
      <subfield code="a">Boix, Pere</subfield>
      <subfield code="e">author</subfield>
   </datafield>
   <datafield ind2=" " ind1=" " tag="720">
      <subfield code="a">Rodrigo, Fernando</subfield>
      <subfield code="e">author</subfield>
   </datafield>
   <datafield ind2=" " ind1=" " tag="720">
      <subfield code="a">García, Ana María</subfield>
      <subfield code="e">author</subfield>
   </datafield>
   <datafield ind2=" " ind1=" " tag="720">
      <subfield code="a">Benavides, Fernando G. (Fernando García)</subfield>
      <subfield code="e">author</subfield>
   </datafield>
   <datafield ind2=" " ind1=" " tag="260">
      <subfield code="c">2012-07-11T02:21:43Z</subfield>
   </datafield>
   <datafield ind2=" " ind1=" " tag="260">
      <subfield code="c">2012-07-11T02:21:43Z</subfield>
   </datafield>
   <datafield ind2=" " ind1=" " tag="260">
      <subfield code="c">2008-09-23T13:06:58Z</subfield>
   </datafield>
   <datafield ind2=" " ind1=" " tag="260">
      <subfield code="c">2012-07-10T07:27:41Z</subfield>
   </datafield>
   <datafield ind2=" " ind1=" " tag="520">
      <subfield code="a">El Informe sobre la calidad de los Servicios de Prevención en España es el resultado de un proyecto que el Observatorio de Salud Laboral impulsó en el año 2006 para abordar, desde una óptica de calidad, la actividad desarrollada por los Servicios de Prevención en España, con la intención de que el propio proceso de evaluación genere un mayor interés por la calidad y la predisposición favorable a introducir mejoras. El Informe pretende aportar conceptos, herramientas e informaciones que faciliten y promuevan la toma de decisiones para mejorar la calidad de los Servicios de Prevención en España.</subfield>
   </datafield>
   <datafield tag="653" ind2=" " ind1=" ">
      <subfield code="a">Salut en el treball</subfield>
   </datafield>
   <datafield tag="653" ind2=" " ind1=" ">
      <subfield code="a">Serveis de Prevenció - Espanya</subfield>
   </datafield>
   <datafield tag="653" ind2=" " ind1=" ">
      <subfield code="a">Riscos laborals</subfield>
   </datafield>
   <datafield ind2="0" ind1="0" tag="245">
      <subfield code="a">Informe sobre la calidad de los servicios de prevención en España</subfield>
   </datafield>
</record></metadata></record></GetRecord></OAI-PMH>